| 000 | 00852nam a2200289 c 4500 | ||
|---|---|---|---|
| 003 | BLK | ||
| 005 | 20181011142435.0 | ||
| 008 | 180408b bul|||||r ||||||| ||bul|| | ||
| 010 | _aKNG00050516000 | ||
| 020 |
_a3-630-86687-5 _bиздат.: Luchterhand |
||
| 040 | _aBLK | ||
| 041 |
_aDEU _cDEU |
||
| 080 |
_aНемска литература _b821.112.2 _x-22 _z821.112.2-22 |
||
| 100 | 1 |
_aSternheim, Carl _eпърви автор _925300 |
|
| 139 |
_aSternheim, Carl _bS 83 |
||
| 245 | 1 | 0 |
_aBurger Schippel _bKomodie _cCarl Sternheim. |
| 257 | _aDEU | ||
| 260 |
_аMunchen _bLuchterhand _c1995 |
||
| 300 |
_a72 c _c19 cm |
||
| 380 | _aX | ||
| 490 | 1 | _aLuchterhand Theater | |
| 852 | _aЦб 186662 | ||
| 856 | 4 |
_qpdf _u |
|
| 856 | 4 |
_qpdf _u |
|
| 942 |
_cKNG _n0 _01 |
||
| 944 |
_aCR _c01.01.1999 _kТеодора_Стоянова |
||
| 944 |
_aED _c23.01.2017 _kСечил_Томаш |
||
| 999 |
_c46709 _d46709 |
||